000 00764nam a2200217Ii 4500
003 JO-AjNU
008 230605s9999||||xx |||||||||||||| ||und||
017 _a1987/4690
020 _a977-154-022-X
040 _aJO-AjNU
_bara
_erda
_cJO-AjNU
041 _aara
050 1 4 _aPK2199.I65.Z45 1988
100 3 _aالبقري،أحمد ماهر,
_eauthor
_915374
245 0 0 _aالفكر الإسلامي في أدب إقبال 1289-1357هـ
264 3 1 _aالإسكندرية: مؤسسة شباب الجامعة، 1988
300 _a150ص
336 _atext
_btxt
_2rdacontent
337 _aunmediated
_bn
_2rdamedia
338 _avolume
_bnc
_2rdacarrier
650 4 _aالأدب العربي - الأدب الإسلامي - تاريخ ونقد - إقبال
_915375
999 _aA4327
_c7895
_d7895